| 000 | 00535nam a2200205Ia 4500 | ||
|---|---|---|---|
| 999 |
_c1287 _d1287 |
||
| 003 | OSt | ||
| 005 | 20210525102908.0 | ||
| 008 | 151015s9999 xx 000 0 und d | ||
| 020 | _a996646963-x | ||
| 040 |
_aMMU _beng _cMMU _dMMU |
||
| 050 | _aHC865.E28 1992 | ||
| 100 | _aOchieng W .R | ||
| 245 |
_aAn Economic History of Kenya/ _cedited by W.R Ochieng |
||
| 250 | _a | ||
| 260 |
_aNairobi: _b EAEP, _c1992. |
||
| 300 | _axvi, 460 p. : | ||
| 650 | _aEconomic history of kenya | ||
| 700 | _aR.M Maxon | ||
| 942 |
_2lcc _cLOAN LOAN |
||